[Event "Team men HL chess 2016"]
[Site "Sochi"]
[Date "2016.05.07"]
[Round "6.8"]
[White "Vavulin, Maksim"]
[Black "Ponomarenko, Alexandr"]
[Result "1-0"]
[WhiteElo "2474"]
[BlackElo "2240"]
[PlyCount "93"]
[EventDate "2016.05.01"]

1. e4 e5 2. Nf3 Nc6 3. Bb5 a6 4. Ba4 Nf6 5. O-O Be7 6. d3 b5 7. Bb3 O-O 8. a4
Rb8 9. axb5 axb5 10. Nc3 d6 11. Nd5 Nxd5 12. Bxd5 Bb7 13. Be3 Qd7 14. c3 Nd8
15. Bxb7 Nxb7 16. Qb3 c5 17. Ra7 Bd8 18. Qd5 Qe6 19. Qxe6 fxe6 20. b4 Bf6 21.
Rfa1 cxb4 22. cxb4 Nd8 23. Rc1 Rf7 24. Ra6 Rd7 25. Kf1 Kf7 26. Ke2 Rbb7 27. Rc8
Be7 28. Bb6 Kf6 29. Nd2 Nf7 30. Nb3 Bd8 31. Bxd8+ Nxd8 32. Na5 Rbc7 33. Rxc7
Rxc7 34. Rxd6 Nb7 35. Rc6 Rd7 36. Rb6 Nxa5 37. bxa5 Rd4 38. Rxb5 Ra4 39. h4 h6
40. h5 Ra2+ 41. Ke3 Ra3 42. g3 Ra1 43. f3 Ra2 44. Rc5 Ra1 45. Kd2 Ra2+ 46. Kc3
Ra1 47. Kc4 1-0

[Event "Team men HL chess 2016"]
[Site "Sochi"]
[Date "2016.05.07"]
[Round "6.8"]
[White "Dulenko, Maxim"]
[Black "Savenkov, Konstantin"]
[Result "0-1"]
[WhiteElo "2148"]
[BlackElo "2381"]
[PlyCount "48"]
[EventDate "2016.05.01"]

1. e4 e6 2. d4 d5 3. e5 c5 4. c3 Nc6 5. Nf3 Bd7 6. a3 f6 7. exf6 Nxf6 8. Bf4
Be7 9. Bd3 O-O 10. Bg3 Qb6 11. b4 cxd4 12. cxd4 Kh8 13. Be5 Ng4 14. O-O Ngxe5
15. dxe5 Rxf3 16. gxf3 Nxe5 17. Be2 Rf8 18. Nc3 Rf6 19. Kh1 Rh6 20. Rg1 Bd6 21.
Rg2 Ng6 22. Qg1 Be5 23. Rc1 Nf4 24. Rg4 Nh3 0-1

[Event "Team men HL chess 2016"]
[Site "Sochi"]
[Date "2016.05.07"]
[Round "6.8"]
[White "Tarasov, Alexandr"]
[Black "Kayukov, Kirill"]
[Result "1-0"]
[WhiteElo "2323"]
[BlackElo "2166"]
[PlyCount "81"]
[EventDate "2016.05.01"]

1. Nf3 e6 2. g3 d5 3. Bg2 Nf6 4. O-O Be7 5. c4 O-O 6. d4 Ne4 7. Nc3 Nxc3 8.
bxc3 c5 9. cxd5 exd5 10. dxc5 Nc6 11. Be3 Bg4 12. Rb1 Na5 13. Ne5 Bf5 14. Rc1
Qc7 15. Nd3 Be4 16. Qa4 Bxg2 17. Kxg2 Nc4 18. Bd4 a5 19. Rfd1 Bg5 20. e3 Qe7
21. Qc2 Qe4+ 22. Kg1 Ra6 23. Ne5 f5 24. Qxe4 fxe4 25. Nxc4 dxc4 26. Rb1 Rf7 27.
Rb2 Rc6 28. Rdb1 Rcc7 29. Rb5 h6 30. Rxa5 Be7 31. Rab5 Bf8 32. R1b4 Kh7 33. h4
h5 34. a4 Kg6 35. Rxc4 Rf5 36. Rb6+ Kh7 37. c6 bxc6 38. Rcxc6 Rcf7 39. Rb2 g5
40. hxg5 Rxg5 41. Rb5 1-0

[Event "Team men HL chess 2016"]
[Site "Sochi"]
[Date "2016.05.07"]
[Round "6.8"]
[White "Tereshechkina, Maya"]
[Black "Kovalev, Egor"]
[Result "0-1"]
[WhiteElo "2065"]
[BlackElo "2207"]
[PlyCount "58"]
[EventDate "2016.05.01"]

1. d4 Nf6 2. Nf3 g6 3. Nbd2 Bg7 4. e4 O-O 5. Bd3 d6 6. O-O Nbd7 7. c3 e5 8. Re1
Re8 9. Nf1 b6 10. Ng3 Bb7 11. d5 c6 12. dxc6 Bxc6 13. Bc4 Qc7 14. b4 h6 15. Qb3
Nf8 16. Ba3 Bb7 17. Rad1 Rac8 18. Bb5 Red8 19. Bb2 Ne6 20. Bf1 d5 21. Nxe5 Nxe4
22. Nxe4 Bxe5 23. Ng3 Bxc3 24. Rc1 d4 25. Ne4 Bxe4 26. Rxe4 Qb7 27. Bd3 Bxb2
28. Qxb2 Rc3 29. Rd1 Rxd3 0-1

[Event "Team men HL chess 2016"]
[Site "Sochi"]
[Date "2016.05.07"]
[Round "6.9"]
[White "Vasilyev, Vasily"]
[Black "Tarlev, Konstantin"]
[Result "1/2-1/2"]
[WhiteElo "2308"]
[BlackElo "2586"]
[PlyCount "104"]
[EventDate "2016.05.01"]

1. d4 d5 2. Nf3 c6 3. g3 Nf6 4. Bg2 Bf5 5. c4 e6 6. Qb3 Qb6 7. c5 Qa6 8. Ne5
Nbd7 9. Nxd7 Nxd7 10. O-O Be7 11. Nc3 O-O 12. Bf4 Bg6 13. Rfd1 b6 14. cxb6 axb6
15. e4 b5 16. exd5 exd5 17. a4 b4 18. Re1 Rfe8 19. Nd1 Bd3 20. Ne3 Nf8 21. Qd1
Ng6 22. Qg4 h5 23. Qxh5 Nxf4 24. gxf4 Bf6 25. Red1 Bxd4 26. Rxd3 Qxd3 27. Rd1
Qb3 28. Rxd4 Rxe3 29. f5 Re1+ 30. Bf1 Rae8 31. Rh4 Kf8 32. Qg5 f6 33. Rh8+ Ke7
34. Qxg7+ Kd6 35. Qxf6+ Kc5 36. Rxe8 Rxe8 37. Qf7 Ra8 38. f6 Kb6 39. a5+ Rxa5
40. Qe8 Qf3 41. Qd8+ Kb7 42. Qe7+ Ka8 43. Qf8+ Ka7 44. Qe7+ Ka8 45. h3 Ra7 46.
Qf8+ Kb7 47. f7 Ra8 48. Qxb4+ Kc7 49. Qe7+ Kb6 50. Qb4+ Kc7 51. Qe7+ Kb6 52.
Qe8 Kb7 1/2-1/2

[Event "Team men HL chess 2016"]
[Site "Sochi"]
[Date "2016.05.07"]
[Round "6.9"]
[White "Sek, Konstantin"]
[Black "Ganzhurov, Roman"]
[Result "0-1"]
[WhiteElo "2450"]
[BlackElo "2241"]
[PlyCount "94"]
[EventDate "2016.05.01"]

1. e4 c5 2. Nf3 d6 3. d4 cxd4 4. Nxd4 Nf6 5. Nc3 a6 6. h3 e6 7. g4 Be7 8. g5
Nfd7 9. Be3 b5 10. a3 Bb7 11. Qd2 Nb6 12. O-O-O N8d7 13. f4 Nc5 14. f5 Nxe4 15.
Nxe4 Bxe4 16. Bd3 Bxh1 17. Rxh1 Nc4 18. Bxc4 bxc4 19. fxe6 O-O 20. h4 Qc8 21.
exf7+ Rxf7 22. Qg2 Rb8 23. c3 Qb7 24. Qh2 Rbf8 25. Rd1 Qe4 26. Qe2 d5 27. h5
Bd6 28. Qd2 Rf1 29. Qe2 Qh1 30. Kd2 Rxd1+ 31. Qxd1 Qxd1+ 32. Kxd1 Rf1+ 33. Kd2
Rb1 34. Kc2 Rh1 35. h6 Rh2+ 36. Kb1 gxh6 37. gxh6 Bc5 38. Nf5 Bxe3 39. Nxe3
Rxh6 40. Nxd5 Re6 41. b3 cxb3 42. Kb2 Re5 43. c4 Rxd5 44. cxd5 h5 45. Kxb3 h4
46. Kc4 h3 47. d6 Kf7 0-1

[Event "Team men HL chess 2016"]
[Site "Sochi"]
[Date "2016.05.07"]
[Round "6.9"]
[White "Mestnikov, Aisen"]
[Black "Sin, Denis"]
[Result "0-1"]
[WhiteElo "2197"]
[BlackElo "2312"]
[PlyCount "116"]
[EventDate "2016.05.01"]

1. d4 Nf6 2. c4 c5 3. d5 e6 4. Nc3 exd5 5. cxd5 d6 6. e4 g6 7. f4 Bg7 8. Bb5+
Nfd7 9. Be2 O-O 10. Nf3 Na6 11. O-O Nc7 12. f5 a6 13. Bg5 Bf6 14. Qd2 Ne5 15.
Bxf6 Qxf6 16. Nxe5 Qxe5 17. f6 Ne8 18. Qf4 Qxf4 19. Rxf4 h6 20. a4 b6 21. Rf2
Nc7 22. a5 Rb8 23. e5 dxe5 24. Rd1 Rd8 25. axb6 Rxb6 26. Bc4 Ne8 27. Na4 Rb4
28. b3 Nd6 29. Nb2 Bf5 30. h3 h5 31. Ra1 Ne4 32. Rff1 Nd2 33. Rfd1 Nxb3 34. Ra4
Nd4 35. Rxb4 cxb4 36. Ra1 Be4 37. Rxa6 Bxd5 38. Bxd5 Rxd5 39. Ra8+ Kh7 40. Ra7
Kg8 41. Ra8+ Kh7 42. Ra7 g5 43. Rxf7+ Kg6 44. Rb7 Rb5 45. f7 Kg7 46. Rxb5 Nxb5
47. Kf2 b3 48. Nc4 Nd6 49. Nb2 Kxf7 50. Ke3 Ke6 51. Kd3 Nb5 52. Kc4 Nd4 53. g4
h4 54. Na4 Kf6 55. Nb2 Ne2 56. Kxb3 Nf4 57. Kc4 Nxh3 58. Nd3 e4 0-1

[Event "Team men HL chess 2016"]
[Site "Sochi"]
[Date "2016.05.07"]
[Round "6.9"]
[White "Khokhlova, Daria"]
[Black "Zakharov, Nikolay A"]
[Result "1-0"]
[WhiteElo "2204"]
[BlackElo "1990"]
[PlyCount "67"]
[EventDate "2016.05.01"]

1. Nf3 d5 2. g3 c6 3. Bg2 Bg4 4. O-O Nd7 5. d3 e5 6. e4 d4 7. h3 Bh5 8. Qe1
Ngf6 9. Nfd2 Ng8 10. Nb3 f6 11. f4 Bd6 12. N1d2 Bc7 13. Nf3 h6 14. Nh4 Ne7 15.
fxe5 Bxe5 16. Nf3 c5 17. Nxe5 fxe5 18. Na5 Qc7 19. a4 O-O-O 20. Nc4 Rdf8 21.
Rxf8+ Rxf8 22. b4 Bf7 23. b5 Bxc4 24. dxc4 Qd6 25. Qe2 Qg6 26. Ra3 Kb8 27. c3
Qe6 28. Ra2 Rf7 29. cxd4 exd4 30. e5 Rf8 31. Qe4 Qb6 32. e6 Nf6 33. Bf4+ Ka8
34. a5 1-0

[Event "Team men HL chess 2016"]
[Site "Sochi"]
[Date "2016.05.07"]
[Round "6.10"]
[White "Shcherbakov, Ruslan"]
[Black "Bezgodov, Alexei"]
[Result "1-0"]
[WhiteElo "2492"]
[BlackElo "2512"]
[PlyCount "45"]
[EventDate "2016.05.01"]

1. e4 e5 2. Nf3 Nf6 3. Nxe5 d6 4. Nf3 Nxe4 5. d4 d5 6. Bd3 Nc6 7. O-O Be7 8.
Nbd2 Bf5 9. Re1 Nxd2 10. Qxd2 Bxd3 11. Qxd3 O-O 12. c3 a6 13. Bf4 Qd7 14. Re3
Rae8 15. Rae1 Bd8 16. Nd2 Rxe3 17. Qxe3 Ne7 18. Nb3 Ng6 19. Bg3 Be7 20. Nc1 c6
21. Nd3 Rd8 22. h4 Qf5 23. h5 1-0

[Event "Team men HL chess 2016"]
[Site "Sochi"]
[Date "2016.05.07"]
[Round "6.10"]
[White "Vokarev, Sergey"]
[Black "Radzhabov, Rodion"]
[Result "1-0"]
[WhiteElo "2461"]
[BlackElo "2172"]
[PlyCount "93"]
[EventDate "2016.05.01"]

1. Nf3 Nf6 2. g3 d5 3. Bg2 c6 4. O-O Bg4 5. c4 e6 6. d3 Nbd7 7. cxd5 exd5 8.
Nc3 Bd6 9. Qc2 O-O 10. e4 Re8 11. h3 Bxf3 12. Bxf3 dxe4 13. dxe4 Qe7 14. Bd2
Rad8 15. Rad1 Be5 16. Rfe1 Nc5 17. Bg2 Nd3 18. Re2 Nb4 19. Qb1 Rd7 20. Be3 Bb8
21. a3 Na6 22. Rxd7 Nxd7 23. f4 f6 24. b4 Nc7 25. Rd2 Nf8 26. a4 Rd8 27. Rxd8
Qxd8 28. Bf1 g6 29. Bc4+ Kg7 30. Ba2 Qd7 31. Kg2 b6 32. b5 c5 33. f5 Qe8 34.
Qb3 Nd7 35. g4 g5 36. Bf2 h6 37. Bg3 Ne5 38. Bxe5 fxe5 39. Ne2 Kf6 40. Ng3 Ke7
41. Qd3 Qf8 42. Nh5 Ne8 43. Qd5 Bd6 44. f6+ Kd7 45. Qc6+ Kd8 46. f7 Nc7 47. Nf6
1-0

[Event "Team men HL chess 2016"]
[Site "Sochi"]
[Date "2016.05.07"]
[Round "6.10"]
[White "Scherbakov, Mikhail"]
[Black "Ozgibcev, Anatoly"]
[Result "1-0"]
[WhiteElo "2139"]
[BlackElo "2375"]
[PlyCount "81"]
[EventDate "2016.05.01"]

1. e4 e5 2. Nf3 Nc6 3. Bb5 Nge7 4. c3 a6 5. Ba4 g6 6. d4 exd4 7. cxd4 b5 8. Bc2
Bg7 9. d5 Na5 10. Bd2 Nc4 11. Bc3 Bxc3+ 12. Nxc3 d6 13. O-O Bg4 14. Qd4 O-O 15.
Nd2 c5 16. Qd3 Nxb2 17. Qg3 b4 18. Rfb1 Qa5 19. Nb3 Qc7 20. Rxb2 bxc3 21. Qxc3
Rfb8 22. Rab1 Bd7 23. Nd2 Nc8 24. a4 Kf8 25. Nc4 Kg8 26. h3 h5 27. f4 Be8 28.
f5 Rxb2 29. Qxb2 Qd8 30. f6 Bd7 31. e5 dxe5 32. Qxe5 a5 33. Rf1 Qf8 34. Qg5 Be8
35. Ne5 Nd6 36. g4 h4 37. Qxh4 Rb8 38. g5 Rb4 39. Rf4 Bxa4 40. Nxg6 fxg6 41.
Bxg6 1-0

[Event "Team men HL chess 2016"]
[Site "Sochi"]
[Date "2016.05.07"]
[Round "6.10"]
[White "Murzin, Volodar"]
[Black "Smorchkov, Danil"]
[Result "1/2-1/2"]
[WhiteElo "2170"]
[BlackElo "2017"]
[PlyCount "116"]
[EventDate "2016.05.01"]

1. e4 c5 2. Nf3 Nc6 3. d4 cxd4 4. Nxd4 g6 5. Nc3 Bg7 6. Be3 Nf6 7. Bc4 O-O 8.
Nxc6 dxc6 9. Qxd8 Rxd8 10. f3 b5 11. Bb3 a5 12. a4 b4 13. Ne2 Ba6 14. Kf2 Nd7
15. Rad1 Bxb2 16. Nf4 Rac8 17. Ne6 fxe6 18. Bxe6+ Kg7 19. Bxd7 Rc7 20. Be6 Rxd1
21. Rxd1 Kf6 22. Ba2 c5 23. Rd8 Bd4 24. f4 Bxe3+ 25. Kxe3 c4 26. e5+ Kg7 27.
Kd2 Bb7 28. g4 e6 29. Ke3 Bd5 30. f5 b3 31. f6+ Kf7 32. Bb1 c3 33. Rh8 Rc4 34.
Rxh7+ Kg8 35. Rg7+ Kf8 36. Kd3 Rxg4 37. Kxc3 Rc4+ 38. Kb2 Rb4 39. cxb3 Rxb3+
40. Kc1 Rc3+ 41. Kd2 Rh3 42. Bxg6 Rxh2+ 43. Ke3 Rg2 44. Be4 Bxe4 45. Kxe4 Ra2
46. Re7 Rxa4+ 47. Kd3 Ra3+ 48. Kc4 Ra4+ 49. Kb5 Re4 50. Rxe6 a4 51. Kc5 a3 52.
Ra6 Rxe5+ 53. Kd4 Re2 54. Rxa3 Kf7 55. Rf3 Re6 56. Rh3 Rxf6 57. Ke5 Ra6 58.
Rh7+ Ke8 1/2-1/2

[Event "Team men HL chess 2016"]
[Site "Sochi"]
[Date "2016.05.07"]
[Round "6.11"]
[White "Triapishko, Olexandr"]
[Black "Taysayev, Timur"]
[Result "1-0"]
[WhiteElo "2474"]
[BlackElo "2231"]
[PlyCount "84"]
[EventDate "2016.05.01"]

1. Nf3 c5 2. b3 Nf6 3. Bb2 b6 4. Bxf6 gxf6 5. c4 Bb7 6. e3 f5 7. Nc3 Bg7 8. Rc1
e6 9. g3 Nc6 10. Bg2 d5 11. cxd5 Nb4 12. d4 Ba6 13. Bf1 Bxf1 14. Kxf1 cxd4 15.
Nxd4 Nxd5 16. Nxd5 Qxd5 17. Qf3 Qxf3 18. Nxf3 Kd7 19. Ke2 Rhc8 20. a4 a6 21.
Rhd1+ Ke7 22. Ne1 Bb2 23. Rc4 Rxc4 24. bxc4 Bc3 25. Nf3 Rc8 26. Kd3 Rd8+ 27.
Nd4 Bxd4 28. exd4 e5 29. d5 Kd6 30. a5 b5 31. cxb5 axb5 32. Kc3 Kc5 33. a6 Kb6
34. Kb4 Kxa6 35. Kc5 Kb7 36. d6 Rb8 37. Rd5 f6 38. Kxb5 Kc8+ 39. Kc6 Ra8 40.
Rb5 Ra6+ 41. Kd5 f4 42. gxf4 exf4 1-0

[Event "Team men HL chess 2016"]
[Site "Sochi"]
[Date "2016.05.07"]
[Round "6.11"]
[White "Nazaretyan, Tigran"]
[Black "Derevianchenko, Ilia"]
[Result "0-1"]
[WhiteElo "2316"]
[BlackElo "2308"]
[PlyCount "86"]
[EventDate "2016.05.01"]

1. d4 Nf6 2. c4 c5 3. d5 b5 4. cxb5 a6 5. bxa6 g6 6. Nc3 Bxa6 7. e4 Bxf1 8.
Kxf1 d6 9. g3 Bg7 10. Kg2 O-O 11. Nf3 Nbd7 12. a4 Qa5 13. Qe2 Rfb8 14. Ra3 Nb6
15. Nd2 Nfd7 16. Nd1 Nxa4 17. b3 Nc3 18. Qc4 Qb4 19. Nxc3 Bxc3 20. Nb1 Rxa3 21.
Bxa3 Qxc4 22. bxc4 Ba5 23. f4 Rb3 24. e5 Bc7 25. exd6 exd6 26. Kf2 Nf6 27. Rc1
Ng4+ 28. Kg2 h5 29. Kg1 Bd8 30. Bxc5 dxc5 31. Nc3 Bf6 32. Nb5 Rd3 33. d6 Bd4+
34. Kf1 Nxh2+ 35. Ke2 Re3+ 36. Kd2 Nf3+ 37. Kc2 Kf8 38. Rb1 Ke8 39. Nc7+ Kd7
40. Nd5 Re2+ 41. Kd3 Rb2 42. Rf1 Nh2 43. Re1 Ng4 0-1

[Event "Team men HL chess 2016"]
[Site "Sochi"]
[Date "2016.05.07"]
[Round "6.11"]
[White "Barash, Mikhail"]
[Black "Kulumbekov, Giya"]
[Result "1-0"]
[WhiteElo "2133"]
[BlackElo "2052"]
[PlyCount "95"]
[EventDate "2016.05.01"]

1. d4 c5 2. Nf3 e6 3. e4 cxd4 4. Nxd4 Nc6 5. c4 Qb6 6. Nb3 Nf6 7. Nc3 Bb4 8.
Bd3 Ne5 9. O-O d6 10. Be3 Qd8 11. Rc1 b6 12. Bg5 Bb7 13. Re1 h6 14. Bh4 Rc8 15.
a3 Bxc3 16. Rxc3 Ba6 17. Qc2 g5 18. Bg3 Nh5 19. Bf1 Nf4 20. Nd4 O-O 21. Qa4 Bb7
22. Qxa7 Ba8 23. Qa4 h5 24. Qd1 h4 25. Bxf4 gxf4 26. Nf3 Ng6 27. h3 Qf6 28. Rb3
Rc6 29. Nd4 Rc5 30. Rxb6 Re5 31. Qd3 Qd8 32. Rb3 d5 33. cxd5 exd5 34. f3 Rfe8
35. Nb5 Qg5 36. Nd6 Rd8 37. Qa6 Re6 38. Rb6 Qe5 39. Nb5 dxe4 40. Rxe6 fxe6 41.
Qb6 Rd2 42. Qa5 Qd5 43. fxe4 Qc5+ 44. Kh1 Qf2 45. Qxa8+ Nf8 46. Rc1 f3 47. e5
Qg3 48. Qxf3 1-0

[Event "Team men HL chess 2016"]
[Site "Sochi"]
[Date "2016.05.07"]
[Round "6.11"]
[White "Tenikashvili, Georgij"]
[Black "Sshedrin, Iliya"]
[Result "1-0"]
[WhiteElo "2319"]
[BlackElo "2150"]
[PlyCount "75"]
[EventDate "2016.05.01"]

1. d4 Nf6 2. c4 e6 3. Nf3 Bb4+ 4. Nbd2 b6 5. e3 Bb7 6. Bd3 Bxd2+ 7. Bxd2 Ne4 8.
O-O d6 9. Qc2 f5 10. d5 exd5 11. cxd5 Bxd5 12. Nd4 Nxd2 13. Qxd2 Qg5 14. f4 Qf6
15. Bxf5 O-O 16. e4 Bf7 17. Rae1 Bc4 18. e5 Qe7 19. Bxh7+ Kxh7 20. Qc2+ g6 21.
Qxc4 dxe5 22. Rxe5 Qf7 23. Ne6 Kg8 24. Qe4 Na6 25. Nxf8 Rxf8 26. Re7 Qf6 27.
Re6 Qf5 28. Rxg6+ Kh7 29. Qxf5 Rxf5 30. Rg5 Rf7 31. Rf3 Rf6 32. Rh3+ Rh6 33.
Rxh6+ Kxh6 34. g3 c5 35. a3 Nc7 36. Re5 Nb5 37. b4 Nd4 38. bxc5 1-0

[Event "Team men HL 2016"]
[Site "Sochi"]
[Date "2016.05.08"]
[Round "7.1"]
[White "Eliseev, Urii"]
[Black "Chekhov, Sergei"]
[Result "1-0"]
[LiveChessVersion "1.4.4"]
[BlackElo "2465"]
[WhiteElo "2606"]

1. e4 {[%clk 1:30:58]} c5 {[%clk 1:30:40]} 2. Nf3 {[%clk 1:31:19]} e6
{[%clk 1:31:04]} 3. d4 {[%clk 1:31:38]} cxd4 {[%clk 1:30:53]} 4. Nxd4
{[%clk 1:32:01]} a6 {[%clk 1:31:19]} 5. Bd3 {[%clk 1:32:16]} g6 {[%clk 1:31:33]}
6. c4 {[%clk 1:31:51]} Bg7 {[%clk 1:30:00]} 7. Nf3 {[%clk 1:26:15]} Nc6
{[%clk 1:22:18]} 8. Nc3 {[%clk 1:25:58]} d6 {[%clk 1:21:21]} 9. O-O
{[%clk 1:25:26]} Nf6 {[%clk 1:21:23]} 10. Be3 {[%clk 1:19:23]} Ng4
{[%clk 1:20:03]} 11. Bg5 {[%clk 1:19:07]} Bf6 {[%clk 1:00:38]} 12. Bxf6
{[%clk 1:10:16]} Nxf6 {[%clk 1:00:09]} 13. Qd2 {[%clk 1:10:39]} e5
{[%clk 0:57:24]} 14. Rfd1 {[%clk 1:10:29]} Bg4 {[%clk 0:30:05]} 15. Be2
{[%clk 1:10:27]} Bxf3 {[%clk 0:30:24]} 16. Bxf3 {[%clk 1:10:51]} Nd4
{[%clk 0:30:50]} 17. Ne2 {[%clk 1:10:41]} Nxe2+ {[%clk 0:29:22]} 18. Bxe2
{[%clk 1:11:02]} Nxe4 {[%clk 0:25:53]} 19. Qe3 {[%clk 1:07:52]} Nc5
{[%clk 0:14:12]} 20. b4 {[%clk 1:07:49]} Ne6 {[%clk 0:14:39]} 21. c5
{[%clk 1:08:01]} O-O {[%clk 0:13:34]} 22. Rxd6 {[%clk 1:08:21]} Qh4
{[%clk 0:13:07]} 23. Rb6 {[%clk 1:05:05]} a5 {[%clk 0:11:24]} 24. b5
{[%clk 1:03:22]} Qb4 {[%clk 0:10:00]} 25. Rc1 {[%clk 0:53:19]} Rac8
{[%clk 0:06:46]} 26. Rxe6 {[%clk 0:19:47]} fxe6 {[%clk 0:07:13]} 27. Bc4
{[%clk 0:20:14]} Rf6 {[%clk 0:06:31]} 28. Qxe5 {[%clk 0:20:38]} Qd2
{[%clk 0:06:00]} 29. Rf1 {[%clk 0:17:39]} Kg7 {[%clk 0:06:06]} 30. g3
{[%clk 0:16:25]} Qd7 {[%clk 0:04:46]} 31. c6 {[%clk 0:12:25]} Qc7
{[%clk 0:05:09]} 32. Qb2 {[%clk 0:12:27]} Rb8 {[%clk 0:03:43]} 33. Re1
{[%clk 0:08:30]} Kf7 {[%clk 0:03:08]} 34. Qd2 {[%clk 0:05:44]} bxc6
{[%clk 0:02:49]} 35. b6 {[%clk 0:05:58]} Qxb6 {[%clk 0:01:00]} 36. Rxe6
{[%clk 0:04:35]} Rxe6 {[%clk 0:01:27]} 37. Qd7+ {[%clk 0:04:58]} Kf8
{[%clk 0:01:00]} 38. Qxe6 {[%clk 0:04:59]} Qb1+ {[%clk 0:00:58]} 39. Kg2
{[%clk 0:05:15]} Qb7 {[%clk 0:00:40]} 40. g4 {[%clk 0:30:36]} Kg7
{[%clk 0:30:36]} 41. Qe5+ {[%clk 0:24:33]} Kf8 {[%clk 0:30:28]} 42. g5
{[%clk 0:18:58]} c5+ {[%clk 0:18:44]} 43. Bd5 {[%clk 0:15:53]} Qb6
{[%clk 0:19:06]} 44. Qf4+ {[%clk 0:12:02]} Kg7 {[%clk 0:19:08]} 45. Qe5+
{[%clk 0:12:28]} Kf8 {[%clk 0:19:32]} 46. Qh8+ {[%clk 0:12:46]} Ke7
{[%clk 0:19:55]} 47. Qxh7+ {[%clk 0:13:12]} Kd6 {[%clk 0:20:19]} 48. Be4
{[%clk 0:08:48]} Ke5 {[%clk 0:19:35]} 49. Bxg6 {[%clk 0:09:13]} Qb7+
{[%clk 0:19:16]} 50. Qxb7 {[%clk 0:03:30]} Rxb7 {[%clk 0:19:45]} 51. Kg3
{[%clk 0:03:51]} c4 {[%clk 0:17:31]} 52. h4 {[%clk 0:03:05]} c3 {[%clk 0:08:11]}
53. h5 {[%clk 0:02:51]} Rb2 {[%clk 0:05:31]} 54. h6 {[%clk 0:03:16]} c2
{[%clk 0:05:55]} 55. h7 {[%clk 0:01:11]} c1=Q {[%clk 0:06:19]} 56. h8=Q+
{[%clk 0:01:35]} Kd6 {[%clk 0:06:22]} 57. Qd4+ {[%clk 0:00:45]} Kc7
{[%clk 0:06:07]} 58. Qe5+ {[%clk 0:01:10]} Kd7 {[%clk 0:04:02]} 59. Bf5+
{[%clk 0:01:49]} Kc6 {[%clk 0:04:28]} 60. Be4+ {[%clk 0:01:30]} Kd7
{[%clk 0:04:49]} 61. Bf5+ {[%clk 0:01:30]} Kc6 {[%clk 0:05:19]} 62. Qe8+
{[%clk 0:01:44]} Kb7 {[%clk 0:04:59]} 63. Be4+ {[%clk 0:02:03]} Kc7
{[%clk 0:05:24]} 64. Qe7+ {[%clk 0:02:10]} Kc8 {[%clk 0:03:36]} 65. Bf5+
{[%clk 0:02:24]} Kb8 {[%clk 0:04:05]} 66. Qd8+ {[%clk 0:02:23]} Kb7
{[%clk 0:04:27]} 67. Be4+ {[%clk 0:01:44]} Ka6 {[%clk 0:04:46]} 68. Qa8+
{[%clk 0:01:54]} Kb5 {[%clk 0:05:03]} 69. Qb7+ {[%clk 0:02:19]} Ka4
{[%clk 0:05:25]} 70. Qc6+ {[%clk 0:02:35]} Qxc6 {[%clk 0:05:22]} 71. Bxc6+
{[%clk 0:02:59]} Ka3 {[%clk 0:05:52]} 72. g6 {[%clk 0:03:15]} Rb6
{[%clk 0:04:22]} 73. g7 {[%clk 0:03:34]} Rxc6 {[%clk 0:04:49]} 74. g8=Q
{[%clk 0:03:56]} a4 {[%clk 0:05:15]} 75. f4 {[%clk 0:02:27]} Rc1 {[%clk 0:05:42]}
76. Kf2 {[%clk 0:02:24]} Rc2+ {[%clk 0:06:07]} 77. Ke3 {[%clk 0:02:44]} Rxa2
{[%clk 0:06:32]} 78. f5 {[%clk 0:03:07]} Ra1 {[%clk 0:06:46]} 79. f6
{[%clk 0:03:27]} Rf1 {[%clk 0:07:10]} 80. Qc4 {[%clk 0:03:30]} Rxf6
{[%clk 0:07:27]} 81. Qc3+ {[%clk 0:03:55]} Ka2 {[%clk 0:07:54]} 82. Qxf6
{[%clk 0:04:11]} a3 {[%clk 0:08:22]} 83. Qc3 {[%clk 0:04:10]} 1-0

[Event "Team men HL 2016"]
[Site "Sochi"]
[Date "2016.05.08"]
[Round "7.2"]
[White "Rodin, Dmitrij"]
[Black "Paravyan, David"]
[Result "1/2-1/2"]
[LiveChessVersion "1.4.4"]
[BlackElo "2497"]
[WhiteElo "2363"]

1. e4 {[%clk 1:30:56]} d6 {[%clk 1:30:54]} 2. d4 {[%clk 1:31:09]} Nf6
{[%clk 1:31:20]} 3. Nc3 {[%clk 1:31:35]} g6 {[%clk 1:31:47]} 4. Nf3
{[%clk 1:26:56]} Bg7 {[%clk 1:31:04]} 5. Be2 {[%clk 1:26:39]} O-O
{[%clk 1:31:25]} 6. O-O {[%clk 1:27:02]} a6 {[%clk 1:31:52]} 7. a4
{[%clk 1:22:34]} Nc6 {[%clk 1:32:17]} 8. d5 {[%clk 1:16:47]} Nb4 {[%clk 1:31:54]}
9. a5 {[%clk 1:11:09]} e6 {[%clk 1:32:17]} 10. Ra4 {[%clk 1:04:14]} c5
{[%clk 1:32:10]} 11. dxc6 Nxc6 {[%clk 1:32:34]} 12. Bf4 {[%clk 1:03:42]} d5
{[%clk 1:18:09]} 13. exd5 {[%clk 0:55:16]} exd5 {[%clk 1:18:10]} 14. Bg5
{[%clk 0:52:45]} h6 {[%clk 1:00:38]} 15. Be3 {[%clk 0:37:16]} Nxa5
{[%clk 0:57:14]} 16. Qc1 {[%clk 0:37:10]} b5 {[%clk 0:51:06]} 17. Ra1
{[%clk 0:24:42]} Re8 {[%clk 0:50:38]} 18. Rd1 {[%clk 0:23:36]} Bb7
{[%clk 0:50:46]} 19. Nd4 {[%clk 0:20:37]} Kh7 {[%clk 0:44:11]} 20. b4
{[%clk 0:14:46]} Nc4 {[%clk 0:37:25]} 21. Bxc4 {[%clk 0:15:09]} bxc4
{[%clk 0:37:50]} 22. h3 {[%clk 0:13:08]} Qe7 {[%clk 0:37:36]} 23. Rb1
{[%clk 0:11:31]} Ne4 {[%clk 0:36:08]} 24. Nxe4 {[%clk 0:11:02]} dxe4
{[%clk 0:36:34]} 25. c3 {[%clk 0:10:40]} f5 {[%clk 0:30:00]} 26. b5
{[%clk 0:08:59]} Qf7 {[%clk 0:25:36]} 27. bxa6 {[%clk 0:08:25]} Bxa6
{[%clk 0:25:59]} 28. Rb6 {[%clk 0:08:13]} g5 {[%clk 0:24:38]} 29. g3
{[%clk 0:05:22]} f4 {[%clk 0:11:27]} 30. gxf4 {[%clk 0:05:35]} gxf4
{[%clk 0:11:53]} 31. Bxf4 {[%clk 0:05:48]} Bc8 {[%clk 0:11:35]} 32. Qe3
{[%clk 0:05:22]} Qh5 {[%clk 0:11:30]} 33. Rdb1 {[%clk 0:04:44]} Bxh3
{[%clk 0:11:44]} 34. Rb7 {[%clk 0:04:05]} Ra6 {[%clk 0:10:58]} 35. Bg3
{[%clk 0:02:46]} Rg6 {[%clk 0:10:44]} 36. Ne2 {[%clk 0:02:46]} Qf3
{[%clk 0:02:21]} 37. Qxf3 {[%clk 0:03:00]} exf3 {[%clk 0:02:46]} 38. Nf4
{[%clk 0:03:28]} Bc8 {[%clk 0:02:07]} 39. Rc7 {[%clk 0:02:34]} Rg5
{[%clk 0:01:37]} 40. Rb8 {[%clk 0:31:53]} Re1+ {[%clk 0:30:59]} 41. Kh2
{[%clk 0:32:23]} Bf5 {[%clk 0:17:53]} 42. Bh4 {[%clk 0:12:25]} Rg4
{[%clk 0:11:10]} 43. Bf6 {[%clk 0:12:42]} Rf1 {[%clk 0:10:30]} 44. Rxg7+
{[%clk 0:07:30]} Rxg7 {[%clk 0:10:56]} 45. Bxg7 {[%clk 0:07:56]} Kxg7
{[%clk 0:11:08]} 46. Kg3 {[%clk 0:08:10]} Rc1 {[%clk 0:09:10]} 47. Rb7+
{[%clk 0:08:15]} Kf6 {[%clk 0:07:32]} 48. Rc7 {[%clk 0:06:20]} h5
{[%clk 0:01:02]} 49. Nxh5+ {[%clk 0:05:32]} Kg5 {[%clk 0:01:14]} 50. Rc5
{[%clk 0:05:54]} Kxh5 {[%clk 0:00:32]} 51. Rxf5+ {[%clk 0:06:19]} Kg6
{[%clk 0:01:00]} 52. Rxf3 {[%clk 0:06:44]} Kg5 {[%clk 0:01:14]} 53. Re3
{[%clk 0:04:37]} Kf5 {[%clk 0:01:40]} 54. Kf3 {[%clk 0:02:20]} 1/2-1/2